Grzyby jadalne - Nagła Śmierć #3 - Statystyki

Ogólne statystyki
  • Ten quiz został rozwiązany 58 razy
  • Średni wynik to 7 z 21
Answers on the Grid
Answers color-coded by a green-red scale on the quiz's grid according to % correct below.
Mleczej jodłowy
Gąska siarkowa
Berłóweczka czeska
Łuskwiak zmienny
Mleczej siarkowy
Lejkówka bielawa
Pieczarka bulwiasta
Tęgoskór korzeniasty
Mleczej piekący
Borowik blednący
Pieczarka biaława
Piestrak jadajny
Mleczej świerkowy
Pniarek lekarski
Twardówka anyżkowa
Borowik ceglastopory
Lejkówka szarawa
Siedzuń sosnowy
Trufla biała
Krasnoborowik żonkilowy
Borowik oprószny
Podgrzybek brunatny
Rogowniczka ptasia
Sarniak fiołkowy
Wrośniak anyżkowy
Boczniak rowkowanotrzonowy
Sinoblaszek trujący
Maślak ziarnisty
Czyreń jodłowy
Gąska ziemistoblaszkowa
Sarniak sosnowy
Pieprznik trąbkowy
Muchomor oliwkowy
Twardnik japoński
Opieńka żółtawa
Borowik klinowotrzonowy
Gąska mydlana
Mleczej śliski
Zasłonek rudy
Gołąbek oliwkowy
 
Statystyki odpowiedzi
Odpowiedź % Poprawnych
Trufla biała
65%
Podgrzybek brunatny
59%
Borowik ceglastopory
53%
Mleczej jodłowy
50%
Pieczarka bulwiasta
50%
Pieczarka biaława
47%
Mleczej świerkowy
44%
Piestrak jadajny
44%
Borowik blednący
38%
Maślak ziarnisty
35%
Boczniak rowkowanotrzonowy
26%
Borowik oprószny
26%
Sarniak sosnowy
26%
Siedzuń sosnowy
26%
Gołąbek oliwkowy
21%
Opieńka żółtawa
21%
Łuskwiak zmienny
15%
Mleczej siarkowy
12%
Pieprznik trąbkowy
12%
Gąska ziemistoblaszkowa
9%
Twardnik japoński
3%
Nie znaleziono quizów pasujących do podanych kryteriów
Rozkład punktacji
Procent ludzi z każdym wynikiem
Percentyl według liczby udzielonych odpowiedzi
Twoja historia wyników
Nie rozwiązałeś tego quizu